[Event "World Junior U20 Open 2018"]
[Site "Gebze"]
[Date "2018.09.12"]
[Round "8.50"]
[White "Arcuti, Davide"]
[Black "Gunduz, Umut Erdem"]
[Result "0-1"]
[WhiteElo "2356"]
[BlackElo "2119"]
[Annotator "NA"]
[PlyCount "100"]
[EventDate "2018.09.05"]
[EventType "swiss"]
[EventCountry "TUR"]
[SourceTitle "playchess.com"]
[Source "ChessBase"]
[SourceQuality "1"]
[TimeControl "40/5400+30:1800+30"]

1. d4 {[%emt 0:00:30]} Nf6 {[%emt 0:00:30]} 2. c4 {[%emt 0:00:30]} c5 {[%emt 0:00:00]} 3. d5 {[%emt 0:00:30]} e6 {[%emt 0:00:00]} 4. Nc3 {[%emt 0:00:30]} exd5 {[%emt 0:00:30]} 5. cxd5 {[%emt 0:00:00]} d6 {[%emt 0:00:00]} 6. Nf3 {[%emt 0:00:00]} g6 {[%emt 0:00:00]} 7. Bf4 {[%emt 0:00:30]} a6 {[%emt 0:01:30]} 8. a4 {[%emt 0:00:30]} Bg7 {[%emt 0:00:00]} 9. h3 {[%emt 0:00:00]} O-O {[%emt 0:00:00]} 10. e3 {[%emt 0:00:00]} Qe7 {[%emt 0:02:30]} 11. Be2 {[%emt 0:00:00]} Nbd7 {[%emt 0:07:30]} 12. O-O {[%emt 0:03:00]} Ne8 {[%emt 0:04:30]} 13. Re1 {[%emt 0:09:30]} b6 {[%emt 0:17:30]} 14. e4 {[%emt 0:17:30]} Nc7 {[%emt 0:05:30]} 15. Ra3 {[%emt 0:10:30]} Ne5 {[%emt 0:02:30]} 16. Nd2 {[%emt 0:02:30]} Bd7 {[%emt 0:05:30]} 17. Bh2 {[%emt 0:06:30]} g5 {[%emt 0:06:30]} 18. Na2 {[%emt 0:09:30]} b5 {[%emt 0:03:30]} 19. b4 {[%emt 0:01:30]} cxb4 {[%emt 0:01:30]} 20. Nxb4 {[%emt 0:00:30]} a5 {[%emt 0:00:30]} 21. Nc6 {[%emt 0:01:30]} Bxc6 {[%emt 0:03:30]} 22. dxc6 {[%emt 0:00:30]} b4 {[%emt 0:00:30]} 23. Re3 {[%emt 0:01:30]} d5 {[%emt 0:07:30]} 24. Nf3 {[%emt 0:07:30]} Nxf3+ {[%emt 0:08:30]} 25. Bxf3 {[%emt 0:00:30]} d4 {[%emt 0:00:30]} 26. Rd3 {[%emt 0:00:00]} Rad8 {[%emt 0:04:59]} 27. e5 {[%emt 0:01:00]} Ne6 {[%emt 0:03:55]} 28. h4 {[%emt 0:03:30]} Qc5 {[%emt 0:10:26]} 29. Be4 {[%emt 0:05:19]} Nf4 {[%emt 0:02:45]} 30. Rg3 {[%emt 0:02:50]} d3 {[%emt 0:00:28]} 31. Rxg5 {[%emt 0:05:41]} d2 {[%emt 0:00:01]} 32. Rf1 {[%emt 0:00:36]} Ne6 {[%emt 0:00:18]} 33. Rh5 {[%emt 0:03:35]} h6 {[%emt 0:00:52]} 34. Kh1 {[%emt 0:03:22]} Qc4 {[%emt 0:00:35]} 35. Bf3 {[%emt 0:01:29]} b3 {[%emt 0:01:54]} 36. Be2 {[%emt 0:00:38]} Qc2 {[%emt 0:00:43]} 37. c7 {[%emt 0:01:55]} Nxc7 {[%emt 0:00:31]} 38. Bf4 {[%emt 0:02:00]} Qxd1 {[%emt 0:00:56]} 39. Rxd1 {[%emt 0:00:30]} b2 {[%emt 0:00:01]} 40. Rb1 {[%emt 0:00:00]} Ne6 {[%emt 0:00:00]} 41. Be3 {[%emt 0:08:35]} Rd5 {[%emt 0:15:17]} 42. Rxb2 {[%emt 0:08:59]} d1=Q+ {[%emt 0:01:32]} 43. Bxd1 {[%emt 0:00:06]} Rxd1+ {[%emt 0:00:06]} 44. Kh2 {[%emt 0:00:00]} Ra1 {[%emt 0:01:12]} 45. f4 {[%emt 0:02:17]} Rxa4 {[%emt 0:00:40]} 46. g3 {[%emt 0:00:00]} Rd8 {[%emt 0:01:29]} 47. Rb5 {[%emt 0:06:04]} Ra3 {[%emt 0:00:43]} 48. Bc1 {[%emt 0:01:22]} Rc3 {[%emt 0:01:05]} 49. Bb2 {[%emt 0:03:01]} Rd2+ {[%emt 0:00:05]} 50. Kh1 {[%emt 0:00:00]} Re3 {[%emt 0:00:19]} 0-1

[Event "World Junior U20 Open 2018"]
[Site "Gebze"]
[Date "2018.09.12"]
[Round "8.51"]
[White "Agdelen, Huseyin Can"]
[Black "Kalogeris, Ioannis"]
[Result "1/2-1/2"]
[WhiteElo "2280"]
[BlackElo "2352"]
[Annotator "TA"]
[PlyCount "172"]
[EventDate "2018.09.05"]
[EventType "swiss"]
[EventCountry "TUR"]
[SourceTitle "playchess.com"]
[Source "ChessBase"]
[SourceQuality "1"]

{[%evp 21,172,0,21,23,74,65,67,11,1,-21,-19,-19,0,-25,44,0,54,44,123,118,96,7,81,46,43,0,91,88,238,196,206,60,302,119,86,78,167,0,0,7,0,16,163,0,29991,197,29993,416,348,0,0,-104,0,0,0,0,260,256,279,270,237,73,468,92,86,70,54,66,91,69,108,123,86,8,98,104,192,8,8,0,0,0,0,0,20,8,8,8,152,8,10,0,12,0,54,0,91,0,131,0,0,0,0,0,0,-79,0,0,0,0,0,0,0,0,0,0,272,222,216,232,497,489,469,432,370,268,219,102,105,96,165,108,89,66,58,55,128,112,95,110,100,99,103,0,47,0,108,0,33,0,99,37,230]} 1. e4 c5 2. Nf3 e6 3. d4 cxd4 4. Nxd4 Nc6 5. Nc3 Qc7 6. Be3 a6 7. Qd2 Nf6 8. f3 Be7 {B48: Sicilian: Taimanov: 5 Nc3 Qc7 6 Be3 a6 without Be2} 9. O-O-O b5 10. Nxc6 (10. g4 Nxd4 11. Bxd4 Bb7 12. g5 Nh5 13. Ne2 Rc8 14. c3 O-O 15. Bh3 f5 16. gxf6 Nxf6 17. Bxf6 Rxf6 18. Qxd7 Rxf3 19. Qxe6+ {1-0 (30) Fedoseev,V (2724)-Quesada Perez,Y (2627) chess.com INT 2018}) 10... dxc6 11. g4 {[%cal Bg2g4,Bg4g5][%mdl 32]} O-O {LiveBook: 4 Games} 12. Qf2 a5 $146 (12... Nd7 $11) ({Predecessor:} 12... c5 13. g5 Nd7 14. h4 b4 15. Na4 c4 16. Kb1 {0-1 (42) Satyapragyan,S (2462)-Vazquez Igarza,R (2572) Roquetas de Mar 2017}) 13. g5 $16 Nd7 14. h4 (14. f4 $14) 14... a4 $11 15. Kb1 b4 16. Ne2 c5 17. h5 Nb6 (17... a3 $11 18. b3 Bb7) 18. Nc1 $14 Ra5 (18... Ba6 $11) 19. g6 e5 (19... h6 $14) 20. gxh7+ Kxh7 21. Be2 (21. Rg1 $1 $16) 21... Bf6 (21... Be6 $11) 22. Rdg1 Qe7 23. Rh2 Rh8 (23... Be6 $11) 24. Rhg2 Kg8 (24... Rg8 $16 {was necessary.}) 25. Bg5 Rh7 26. Qh4 (26. f4 $1 $18) 26... Nd7 $2 (26... Kf8 $1 $14) 27. Bc4 $2 (27. h6 $18) 27... Kf8 $16 28. h6 $36 {[%mdl 2048] White has strong initiative.} g6 (28... Rxh6 $16 29. Bxh6 Bxh4 30. Rxg7 Ke8) 29. Qf2 $2 (29. f4 $18) 29... Bxg5 $11 30. Rxg5 Rxh6 31. f4 Kg7 (31... Nb6 $11 {and Black stays safe.} 32. Be2 (32. Rxe5 Qh4 $11) 32... Nd7) 32. Nd3 $2 (32. f5 $1 $18) 32... f6 $2 {[%mdl 8192] [#]} (32... Ba6 $11 33. Nxe5 Nxe5 34. Rxe5 Qh4 35. Qxh4 Rxh4 36. Bxa6 Rxa6) 33. R5g3 $2 (33. Rxg6+ $3 {[%mdl 512] mates} Rxg6 34. Rxg6+ Kxg6 35. f5+ Kh5 36. Qh2+ Kg4 37. Qg2+ Kh5 38. Nf4+ $1 {[%mdl 512]} Kh4 39. Ng6+ Kh5 40. Qh3+ Kg5 41. Qh4#) 33... exf4 $2 {[#]} (33... Qd6 $18 34. Qg2 Nf8) 34. Nxf4 (34. Rxg6+ $142 $1 {[%mdl 512]} Rxg6 35. Rxg6+ Kxg6 36. Nxf4+ Kh7 37. Qh4+ Kg7 38. Qg4+ Kh7 39. Qg8+ Kh6 40. Qg6#) 34... Ne5 $18 {[#]} 35. Bd5 $2 (35. Nxg6 $1 $18 {[%mdl 512] Intending Nf8+! and mate.} Rxg6 (35... Nxg6 36. Qf4) 36. Rxg6+ Nxg6 37. Qg3) 35... g5 36. Qe2 (36. Qg2 $11 {remains equal.}) 36... Ba6 (36... a3 $17 {Hoping for ...axb2.} 37. b3 Rh4) 37. Qg2 Bc8 $1 38. Rh1 Nf7 $2 {[%mdl 8192]} (38... Rxh1+ $11 39. Qxh1 a3) 39. Bxf7 $1 Rxh1+ 40. Qxh1 Qxf7 {[#]} 41. e5 $1 {[%mdl 512]} Ra6 $2 {[%mdl 8192]} (41... c4 $16 {is a better chance.} 42. exf6+ Kxf6) (41... fxe5 42. Rxg5+) 42. Nh5+ $2 (42. exf6+ $18 {is the precise move to win.} Kxf6 43. Qh6+ Ke7 44. Qxg5+ Kd7 45. Qxc5) 42... Kg6 $16 43. Nxf6 Rxf6 44. exf6 Qxf6 {[%mdl 4096] Endgame KQR-KQB} 45. Qe4+ Bf5 46. Qe8+ Kh6 {Threatens to win with ...Bxc2+!} 47. Re3 ({Better is} 47. Qe3 $16) 47... g4 {[#]} (47... b3 $1 $11) 48. Re1 $1 {[%cal Re1h1]} Qd4 (48... a3 $16 49. Qe3+ Kg6 50. bxa3 bxa3 51. Qxa3 Qd4) 49. Qf8+ $2 ({Don't take} 49. Qxa4 Qf2 $16) (49. Qg8 $18 {[%cal Re1h1]} Be4 50. Qe6+ Bg6 51. Rh1+ Kg7 52. Qe7+ Bf7 53. Qg5+ Kf8 54. Qh6+ Ke7 55. Re1+ Kd7 56. Qf8) 49... Kg5 $11 50. Qe7+ Kg6 51. Qe8+ Kg5 52. Qe7+ Kh5 53. Rh1+ Kg6 54. Qe8+ Kf6 (54... Kg5 $11 {keeps the balance.}) 55. Qf8+ (55. Qxa4 $16 {Qc6+ is the strong threat.} Qe4 56. Qa6+ Ke5 57. Qh6) 55... Kg6 56. Qe8+ Kg5 57. Qe7+ Kg6 58. Qe8+ (58. Qh7+ $14 Kf6 59. Qh6+ Kf7 60. Rf1) 58... Kf6 (58... Kg5 $11) 59. Qf8+ (59. Qxa4 $16 {And now Qc6+ would win.} Qe4 60. Qa6+ Ke5 61. Rc1) 59... Ke5 (59... Kg6 $11) 60. Re1+ (60. Rf1 $16 Be4 61. Qe7+ Kd5 62. Qd7+ Ke5 63. Qxa4) 60... Be4 61. Qh8+ Kf4 62. Qh2+ Kg5 63. Qe2 (63. Qg3 $11) 63... Bf3 (63... a3 $17 64. bxa3 bxa3) 64. Qe7+ Kf4 65. Qc7+ Kf5 66. Qf7+ Kg5 67. Qe7+ Kf5 68. Qf7+ Qf6 $2 {[%mdl 8192]} (68... Kg5 $11 {and Black is okay.}) 69. Qh5+ $18 Kf4 {and if ...a3 works, Black does fine.} 70. Qxc5 g3 $2 (70... b3 {was worth a try.} 71. axb3 axb3 72. Qe3+ Kg3 73. Qxb3 Qd4) 71. Qxb4+ Kg5 72. Qxa4 g2 73. Qa5+ Kg4 74. Qd2 (74. Qc5 $18 {is more deadly.}) 74... Qb6 $16 75. Qc3 Qf2 (75... Kg3 $16 {was called for.} 76. Qg7+ Kf2) 76. Qg7+ (76. a4 $18) 76... Kh3 {[%cal Rf2e1]} 77. Qh6+ Kg3 78. Qg5+ Kh2 (78... Bg4 $14 79. Qe5+ Kh3 80. Qc3+ Kh2) 79. Qf4+ Kh3 80. Qf5+ Kh2 {[%cal Rf2e1]} 81. Qe5+ Kh3 {[#]} 82. Qf5+ ({White should play} 82. b3 $1 $16) 82... Kh2 $14 {[%cal Rf2e1]} 83. Qe5+ (83. Qh7+ $14 Kg3 84. Qg7+ Bg4 85. Qc3+ Kf4 86. Qb4+ Kg3 87. b3) 83... Kh3 $16 84. Qf5+ (84. b3 $16) 84... Kh2 $14 {[%cal Rf2e1]} 85. Qe5+ ({White should try} 85. Qh7+ $14 Kg3 86. Qg7+ Bg4 87. Qe5+ Kf3 88. b4) 85... Kh3 $16 86. a4 (86. b3 $16) 86... Be2 $2 {Precision: White = 27%, Black = 28%.} (86... g1=Q $14 87. Rxg1 Qxg1+ 88. Ka2 Qc1) 1/2-1/2

[Event "World Junior U20 Open 2018"]
[Site "Gebze"]
[Date "2018.09.12"]
[Round "8.52"]
[White "Wong, Yinn Long"]
[Black "Ozer, Omer Faruk"]
[Result "1/2-1/2"]
[WhiteElo "2261"]
[BlackElo "2388"]
[Annotator "NA"]
[PlyCount "161"]
[EventDate "2018.09.05"]
[EventType "swiss"]
[EventCountry "TUR"]
[SourceTitle "playchess.com"]
[Source "ChessBase"]
[SourceQuality "1"]
[TimeControl "40/5400+30:1800+30"]

1. e4 {[%emt 0:00:30]} e5 {[%emt 0:00:30]} 2. Nf3 {[%emt 0:00:00]} Nc6 {[%emt 0:00:00]} 3. d4 {[%emt 0:01:00]} exd4 {[%emt 0:00:00]} 4. Nxd4 {[%emt 0:00:30]} Nf6 {[%emt 0:00:30]} 5. Nxc6 {[%emt 0:00:00]} bxc6 {[%emt 0:00:30]} 6. e5 {[%emt 0:00:00]} Qe7 {[%emt 0:00:00]} 7. Qe2 {[%emt 0:00:30]} Nd5 {[%emt 0:00:00]} 8. c4 {[%emt 0:00:00]} Ba6 {[%emt 0:00:00]} 9. Nd2 {[%emt 0:02:00]} g6 {[%emt 0:00:00]} 10. b3 {[%emt 0:01:30]} Bg7 {[%emt 0:00:30]} 11. Bb2 {[%emt 0:00:30]} O-O {[%emt 0:01:30]} 12. O-O-O {[%emt 0:01:30] C45: Scotch Game} Rae8 {[%emt 0:06:30]} 13. Nf3 {[%emt 0:05:30]} Nb6 {[%emt 0:11:30]} 14. Qd2 {[%emt 0:02:30]} Bb7 {[%emt 0:00:30]} 15. Bd3 {[%emt 0:16:30]} c5 {[%emt 0:10:30]} 16. Rhe1 {[%emt 0:11:30]} Bxf3 {[%emt 0:04:30]} 17. gxf3 {[%emt 0:00:00]} d6 $146 {[%emt 0:00:30]} ({Predecessor:} 17... Qh4 18. Kb1 d6 19. f4 Qxh2 {1-0 (36) Dzhumaev,M (2495)-Sammed Jaykumar,S (2307) Chennai 2016}) 18. f4 {[%emt 0:06:00]} Qh4 {[%emt 0:02:30]} 19. exd6 {[%emt 0:10:30]} Bxb2+ {[%emt 0:05:30]} 20. Kxb2 {[%emt 0:00:30]} cxd6 {[%emt 0:00:30]} 21. Be4 {[%emt 0:04:30]} Re6 {[%emt 0:04:30]} 22. Bc6 {[%emt 0:07:30]} Rb8 {[%emt 0:01:30]} 23. Kc2 {[%emt 0:01:30]} Rf6 {[%emt 0:03:30]} 24. Re4 {[%emt 0:07:37]} Rc8 {[%emt 0:01:30]} 25. Bb7 {[%emt 0:00:55]} Rc7 {[%emt 0:00:30]} 26. f5 {[%emt 0:04:13]} Qh5 {[%emt 0:00:30]} 27. Re8+ {[%emt 0:00:51]} Kg7 {[%emt 0:00:30]} 28. Be4 {[%emt 0:00:00]} Rc8 {[%emt 0:01:30]} 29. Rxc8 {[%emt 0:04:36]} Nxc8 {[%emt 0:00:30]} 30. fxg6 {[%emt 0:02:17]} hxg6 {[%emt 0:00:30]} 31. f4 {[%emt 0:05:11]} Re6 {[%emt 0:01:30]} 32. Bd3 {[%emt 0:01:19]} Ne7 {[%emt 0:00:30]} 33. Rf1 {[%emt 0:01:33]} Nf5 {[%emt 0:00:00]} 34. Bxf5 {[%emt 0:01:04]} Re2 {[%emt 0:00:00]} 35. Bd3 {[%emt 0:00:34]} Rxd2+ {[%emt 0:00:30]} 36. Kxd2 {[%emt 0:00:02]} Qxh2+ {[%emt 0:00:00]} 37. Be2 {[%emt 0:00:44]} Kf6 {[%emt 0:01:00]} 38. Ke3 {[%emt 0:00:09]} Qg3+ {[%emt 0:00:30]} 39. Bf3 {[%emt 0:00:37]} Kf5 {[%emt 0:01:30]} 40. Ke2 {[%emt 0:00:00]} Kxf4 {[%emt 0:00:00]} 41. Bd5+ {[%emt 0:01:18]} Ke5 {[%emt 0:01:00]} 42. Rxf7 {[%emt 0:00:30]} Qh2+ {[%emt 0:04:30]} 43. Rf2 {[%emt 0:00:30]} Qh5+ {[%emt 0:00:00]} 44. Ke3 {[%emt 0:00:30]} Qh3+ {[%emt 0:04:00]} 45. Rf3 {[%emt 0:08:30]} Qh2 {[%emt 0:01:30]} 46. Rf2 {[%emt 0:00:30]} Qg1 {[%emt 0:00:00]} 47. Kf3 {[%emt 0:04:30]} g5 {[%emt 0:01:00]} 48. Rg2 {[%emt 0:01:30]} Qf1+ {[%emt 0:00:30]} 49. Ke3 {[%emt 0:02:04]} Qf4+ {[%emt 0:00:30]} 50. Kd3 {[%emt 0:02:09]} Qd4+ {[%emt 0:01:30]} 51. Kc2 {[%emt 0:00:11]} g4 {[%emt 0:03:30]} 52. Kb1 {[%emt 0:00:35]} Kf4 {[%emt 0:00:30]} 53. a4 {[%emt 0:07:07]} g3 {[%emt 0:01:30]} 54. Ka2 {[%emt 0:00:19]} Qd3 {[%emt 0:01:30]} 55. Rb2 {[%emt 0:05:06]} Ke5 {[%emt 0:00:30]} 56. Rg2 {[%emt 0:00:18]} Kf6 {[%emt 0:01:30]} 57. Rb2 {[%emt 0:00:07]} Ke7 {[%emt 0:00:00]} 58. Rg2 {[%emt 0:00:47]} Kf6 {[%emt 0:02:00]} 59. Rb2 {[%emt 0:00:05]} Ke5 {[%emt 0:00:00]} 60. Rg2 {[%emt 0:00:30]} Kd4 {[%emt 0:00:00]} 61. Rb2 {[%emt 0:00:01]} Kc3 {[%emt 0:01:30]} 62. Bc6 {[%emt 0:00:56]} Kd4 {[%emt 0:00:30]} 63. Bd5 {[%emt 0:00:18]} Ke5 {[%emt 0:00:30]} 64. Bc6 {[%emt 0:00:33]} Kf4 {[%emt 0:00:00]} 65. Bd5 {[%emt 0:00:34]} Kg4 {[%emt 0:00:00]} 66. Bc6 {[%emt 0:00:15]} a5 {[%emt 0:00:30]} 67. Bd5 {[%emt 0:01:09]} Qd4 {[%emt 0:04:30]} 68. Bg2 {[%emt 0:00:45]} Qg1 {[%emt 0:01:30]} 69. Bd5 {[%emt 0:03:06]} Qf1 {[%emt 0:04:30]} 70. Bc6 {[%emt 0:02:08]} Qf7 {[%emt 0:03:30]} 71. Bg2 {[%emt 0:00:46]} Qg7 {[%emt 0:00:30]} 72. Rc2 {[%emt 0:01:35]} Qh7 {[%emt 0:00:30]} 73. Rb2 {[%emt 0:00:06]} Qf5 $19 {[%emt 0:00:30]} 74. Bc6 {[%emt 0:00:47]} Kh3 {[%emt 0:01:30]} 75. Bg2+ {[%emt 0:00:03]} Kh2 {[%emt 0:00:00]} 76. Be4+ {[%emt 0:00:38]} Qf2 {[%emt 0:00:00]} 77. Rxf2+ {[%emt 0:01:00]} gxf2 {[%emt 0:00:30]} 78. Bd3 {[%emt 0:00:00]} Kg2 {[%emt 0:00:00]} 79. Kb2 {[%emt 0:00:00]} f1=Q {[%emt 0:00:00]} 80. Bxf1+ {[%emt 0:00:26]} Kxf1 {[%emt 0:00:00]} 81. Kb1 {[%emt 0:00:34]} 1/2-1/2

[Event "World Junior U20 Open 2018"]
[Site "Gebze"]
[Date "2018.09.12"]
[Round "8.53"]
[White "Tuncer, Tuna"]
[Black "Thilakarathne, G M H"]
[Result "1/2-1/2"]
[WhiteElo "2342"]
[BlackElo "2238"]
[Annotator "NA"]
[PlyCount "56"]
[EventDate "2018.09.05"]
[EventType "swiss"]
[EventCountry "TUR"]
[SourceTitle "playchess.com"]
[Source "ChessBase"]
[SourceQuality "1"]
[TimeControl "40/5400+30:1800+30"]

1. e4 {[%emt 0:00:30]} c5 {[%emt 0:00:30]} 2. Nf3 {[%emt 0:00:00]} e6 {[%emt 0:00:00]} 3. d4 {[%emt 0:00:00]} cxd4 {[%emt 0:00:00]} 4. Nxd4 {[%emt 0:00:30]} Nc6 {[%emt 0:00:30]} 5. Nc3 {[%emt 0:00:00]} Qc7 {[%emt 0:00:00]} 6. g3 {[%emt 0:00:00]} a6 {[%emt 0:05:00]} 7. Bg2 {[%emt 0:00:30]} Nf6 {[%emt 0:00:30]} 8. O-O {[%emt 0:00:30]} Bc5 {[%emt 0:11:30]} 9. Nxc6 {[%emt 0:00:00]} dxc6 {[%emt 0:10:30]} 10. e5 {[%emt 0:03:00]} Qxe5 {[%emt 0:09:30]} 11. Bf4 {[%emt 0:00:30]} Qh5 {[%emt 0:04:30]} 12. Bf3 {[%emt 0:00:30]} Qg6 {[%emt 0:01:30]} 13. Bd6 {[%emt 0:01:30]} Bxd6 {[%emt 0:09:30]} 14. Qxd6 {[%emt 0:00:00]} Bd7 {[%emt 0:15:30]} 15. Rad1 {[%emt 0:10:00]} Rd8 {[%emt 0:12:26]} 16. Na4 {[%emt 0:10:30]} Qf5 {[%emt 0:02:08]} 17. Bg2 {[%emt 0:24:30]} Qa5 {[%emt 0:00:16]} 18. b3 {[%emt 0:00:30]} Bc8 {[%emt 0:03:15]} 19. Qa3 {[%emt 0:00:30]} Qc7 {[%emt 0:01:07]} 20. Qc5 {[%emt 0:13:30]} Qe7 {[%emt 0:03:52]} 21. Rxd8+ {[%emt 0:00:00]} Qxd8 {[%emt 0:00:14]} 22. Nb6 {[%emt 0:00:00]} Nd7 {[%emt 0:01:02]} 23. Nxd7 {[%emt 0:00:30]} Qxd7 {[%emt 0:00:26]} 24. c4 {[%emt 0:01:30]} Qe7 {[%emt 0:00:57]} 25. Qa5 {[%emt 0:00:30]} Qd8 {[%emt 0:01:14]} 26. Qc5 {[%emt 0:00:30]} Qe7 {[%emt 0:00:30]} 27. Qa5 {[%emt 0:00:30]} Qd8 {[%emt 0:01:45]} 28. Qc5 {[%emt 0:00:30]} Qe7 {[%emt 0:00:58]} 1/2-1/2

[Event "World Junior U20 Open 2018"]
[Site "Gebze"]
[Date "2018.09.12"]
[Round "8.54"]
[White "Yilmaz, Goktan"]
[Black "Urazayev, Arystanbek"]
[Result "1/2-1/2"]
[WhiteElo "2237"]
[BlackElo "2333"]
[Annotator "NA"]
[PlyCount "124"]
[EventDate "2018.09.05"]
[EventType "swiss"]
[EventCountry "TUR"]
[SourceTitle "playchess.com"]
[Source "ChessBase"]
[SourceQuality "1"]
[TimeControl "40/5400+30:1800+30"]

1. e4 {[%emt 0:00:30]} e6 {[%emt 0:02:30]} 2. d4 {[%emt 0:00:00]} d5 {[%emt 0:00:00]} 3. Nc3 {[%emt 0:00:00]} Nf6 {[%emt 0:03:00]} 4. e5 {[%emt 0:00:00]} Nfd7 {[%emt 0:00:30]} 5. f4 {[%emt 0:01:00]} c5 {[%emt 0:00:30]} 6. Nf3 {[%emt 0:00:30]} Nc6 {[%emt 0:00:00]} 7. Be3 {[%emt 0:00:00]} Be7 {[%emt 0:00:00]} 8. Qd2 {[%emt 0:00:00]} O-O {[%emt 0:03:30]} 9. O-O-O {[%emt 0:14:30] C11: French: Classical System: 4 e5 and 4 Bg5 dxe4} (9. dxc5 Qa5 10. a3 Bxc5 11. O-O-O Rd8 12. Bxc5 Nxc5 13. h4 Bd7 14. h5 h6 15. g4 Be8 16. Qe3 d4 17. Nxd4 Nxd4 18. Rxd4 {½-½ (26) Inarkiev,E (2689)-Volkov,S (2645) St Petersburg 2017}) 9... c4 {[%emt 0:00:30]} 10. f5 {[%emt 0:03:30]} b5 {[%emt 0:07:30]} 11. fxe6 {[%emt 0:20:30]} fxe6 {[%emt 0:00:30]} 12. Ne2 {[%emt 0:02:30]} b4 {[%emt 0:01:30]} 13. Qe1 {[%emt 0:04:30]} a5 {[%emt 0:06:30]} ({Predecessor:} 13... c3 14. b3 a5 15. Kb1 a4 16. Nc1 axb3 17. cxb3 {0-1 (48) Bogachkova,A (2086)-Gavrilov,A (2496) St Petersburg 2012}) 14. Nf4 {[%emt 0:07:30]} Nb6 {[%emt 0:01:30]} 15. h4 {[%emt 0:00:00]} b3 {[%emt 0:06:30]} 16. cxb3 {[%emt 0:04:00]} cxb3 {[%emt 0:00:30]} 17. a3 {[%emt 0:00:30]} Rb8 {[%emt 0:36:30]} 18. Bd3 {[%emt 0:06:30]} Bxa3 {[%emt 0:13:00]} 19. bxa3 {[%emt 0:03:30]} Qe7 {[%emt 0:00:51]} 20. Kd2 {[%emt 0:08:30]} Qxa3 {[%emt 0:00:21]} 21. Ke2 {[%emt 0:00:30]} Nb4 {[%emt 0:03:10]} 22. Ra1 {[%emt 0:01:30]} Na2 {[%emt 0:02:11]} 23. Ng5 {[%emt 0:03:15]} Rxf4 {[%emt 0:03:11]} 24. Bxf4 {[%emt 0:00:14]} h6 {[%emt 0:01:42]} 25. Nf3 {[%emt 0:00:38]} b2 {[%emt 0:00:43]} 26. Rxa2 {[%emt 0:01:49]} Qxa2 {[%emt 0:00:24]} 27. Nd2 {[%emt 0:02:32]} Na4 {[%emt 0:03:02]} 28. Nb1 {[%emt 0:00:14]} Rb3 {[%emt 0:00:35]} 29. Qd2 {[%emt 0:02:45]} Bd7 {[%emt 0:01:10]} 30. Bc2 {[%emt 0:02:28]} Rb4 {[%emt 0:01:21]} 31. Kf2 {[%emt 0:00:56]} Qc4 {[%emt 0:00:39]} 32. Be3 {[%emt 0:00:53]} Nb6 {[%emt 0:00:37]} 33. Qd3 {[%emt 0:03:03]} Qxd3 {[%emt 0:00:43]} 34. Bxd3 {[%emt 0:00:01]} Nc4 {[%emt 0:00:00]} 35. Bxc4 {[%emt 0:03:22]} Rxc4 {[%emt 0:00:43]} 36. Ke2 {[%emt 0:02:20]} Be8 {[%emt 0:00:45]} 37. h5 {[%emt 0:00:50]} Ba4 {[%emt 0:00:47]} 38. Bd2 {[%emt 0:01:27]} Rxd4 {[%emt 0:00:50]} 39. Bc3 {[%emt 0:01:21]} Rc4 {[%emt 0:00:14]} 40. Kd3 {[%emt 0:00:00]} Rg4 {[%emt 0:00:00]} 41. Bxb2 {[%emt 0:04:22]} Bb5+ {[%emt 0:08:01]} 42. Ke3 {[%emt 0:02:30]} Rxg2 {[%emt 0:03:30]} 43. Bc3 {[%emt 0:00:30]} a4 {[%emt 0:03:26]} 44. Kd4 {[%emt 0:01:30]} Be2 {[%emt 0:05:03]} 45. Kc5 {[%emt 0:02:30]} Kf7 {[%emt 0:04:10]} 46. Kd6 {[%emt 0:00:30]} Bg4 {[%emt 0:04:26]} 47. Rf1+ {[%emt 0:02:30]} Kg8 {[%emt 0:03:13]} 48. Rf4 {[%emt 0:00:30]} g6 {[%emt 0:01:38]} 49. Ke7 {[%emt 0:13:01]} gxh5 {[%emt 0:00:12]} 50. Rf8+ {[%emt 0:01:59]} Kg7 {[%emt 0:00:30]} 51. Rf7+ {[%emt 0:00:00]} Kg6 {[%emt 0:00:00]} 52. Bd2 {[%emt 0:00:05]} h4 {[%emt 0:02:02]} 53. Rf6+ {[%emt 0:01:20]} Kg7 {[%emt 0:01:04]} 54. Bxh6+ {[%emt 0:00:12]} Kh7 {[%emt 0:00:00]} 55. Bf8 {[%emt 0:03:00]} Bf5 {[%emt 0:00:13]} 56. Rh6+ {[%emt 0:02:52]} Kg8 {[%emt 0:00:04]} 57. Rxh4 {[%emt 0:00:00]} Bxb1 {[%emt 0:00:25]} 58. Rxa4 {[%emt 0:00:45]} Bf5 {[%emt 0:00:14]} 59. Rh4 {[%emt 0:00:34]} Ra2 {[%emt 0:00:47]} 60. Kf6 {[%emt 0:00:43]} Rg2 {[%emt 0:01:17]} 61. Ke7 {[%emt 0:00:43]} Rg6 {[%emt 0:00:45]} 62. Ke8 {[%emt 0:00:39]} Rg2 $11 {[%emt 0:00:39]} (62... Rg3 $15) 1/2-1/2

[Event "World Junior U20 Open 2018"]
[Site "Gebze"]
[Date "2018.09.12"]
[Round "8.55"]
[White "Samani, Yamac"]
[Black "Sevgi, Volkan"]
[Result "1-0"]
[WhiteElo "2226"]
[BlackElo "2323"]
[Annotator "NA"]
[PlyCount "85"]
[EventDate "2018.09.05"]
[EventType "swiss"]
[EventCountry "TUR"]
[SourceTitle "playchess.com"]
[Source "ChessBase"]
[SourceQuality "1"]
[TimeControl "40/5400+30:1800+30"]

1. e4 {[%emt 0:00:30]} g6 {[%emt 0:00:30]} 2. d4 {[%emt 0:00:30]} Bg7 {[%emt 0:00:30]} 3. Nc3 {[%emt 0:00:30]} c6 {[%emt 0:00:30]} 4. Nf3 {[%emt 0:00:30]} d5 {[%emt 0:00:00]} 5. h3 {[%emt 0:00:30]} Nh6 {[%emt 0:00:00]} 6. Bf4 {[%emt 0:00:30]} f6 {[%emt 0:00:30]} 7. exd5 {[%emt 0:02:30]} cxd5 {[%emt 0:00:30]} 8. Nb5 {[%emt 0:00:30]} Na6 {[%emt 0:14:30]} 9. c4 {[%emt 0:00:30]} g5 {[%emt 0:00:30]} 10. Bh2 {[%emt 0:04:30]} Qa5+ {[%emt 0:18:30]} 11. Nc3 {[%emt 0:04:30]} Be6 {[%emt 0:08:30]} 12. cxd5 {[%emt 0:10:30]} Bxd5 {[%emt 0:00:30]} 13. Bb5+ {[%emt 0:01:30]} Kf8 {[%emt 0:04:30]} 14. O-O {[%emt 0:01:30]} Rd8 {[%emt 0:00:30]} 15. Re1 {[%emt 0:02:30]} Bf7 {[%emt 0:11:30]} 16. Qe2 {[%emt 0:02:30]} Ng8 {[%emt 0:03:30]} 17. a3 {[%emt 0:05:30]} Nc7 {[%emt 0:03:30]} 18. b4 {[%emt 0:03:30]} Qb6 {[%emt 0:00:30]} 19. Bc4 {[%emt 0:00:30]} Nd5 {[%emt 0:07:30]} 20. Na4 {[%emt 0:18:30]} Qc6 {[%emt 0:01:30]} 21. b5 {[%emt 0:01:30]} Qe8 {[%emt 0:03:57]} 22. Nc5 {[%emt 0:01:30]} b6 {[%emt 0:00:34]} 23. Ne6+ {[%emt 0:01:30]} Bxe6 {[%emt 0:00:30]} 24. Qxe6 {[%emt 0:00:00]} Qd7 {[%emt 0:00:00]} 25. Qe4 {[%emt 0:03:00]} h5 {[%emt 0:04:12]} 26. Rac1 {[%emt 0:03:30]} Kf7 {[%emt 0:03:10]} 27. Bc7 {[%emt 0:04:30]} Nh6 {[%emt 0:05:32]} 28. Bxd8 {[%emt 0:00:30]} Rxd8 {[%emt 0:00:00]} 29. Bxd5+ {[%emt 0:00:30]} Qxd5 {[%emt 0:00:03]} 30. Qxe7+ {[%emt 0:00:30]} Kg6 {[%emt 0:00:43]} 31. Re6 {[%emt 0:15:45]} Nf5 {[%emt 0:00:29]} 32. Ne5+ {[%emt 0:00:47]} Kh7 {[%emt 0:01:58]} 33. Qf7 {[%emt 0:00:37]} Nh4 {[%emt 0:00:37]} 34. Qxh5+ {[%emt 0:01:04]} Kg8 {[%emt 0:00:02]} 35. Re8+ {[%emt 0:02:05]} Rxe8 {[%emt 0:00:30]} 36. Qxe8+ {[%emt 0:00:10]} Kh7 {[%emt 0:00:00]} 37. Qh5+ {[%emt 0:00:53]} Kg8 {[%emt 0:00:13]} 38. Rc8+ {[%emt 0:01:08]} Bf8 {[%emt 0:00:02]} 39. Nf3 {[%emt 0:00:43]} Qe6 {[%emt 0:00:52]} 40. Re8 {[%emt 0:00:00]} Qc4 {[%emt 0:00:00]} 41. Nxh4 {[%emt 0:05:18]} Qc1+ {[%emt 0:03:06]} 42. Kh2 {[%emt 0:00:30]} Qf4+ {[%emt 0:00:00]} 43. g3 {[%emt 0:00:00]} 1-0